000 00903cam a22002531 4500
001 pa 64000107
003 DLC
005 20260227111856.0
008 791031s1963 dcu i000 0 eng
010 _apa 64000107
035 _a(OCoLC)5629099
040 _aDLC
_cNGenoU
_dDLC
042 _apremarc
043 _anwht---
050 0 0 _aF1405.5 1959
_b.O7 OEA/ser.L/V.II.8, Doc. 5
110 2 _aInter-American Commission on Human Rights.
245 1 0 _aReport on the situation regarding human rights in Haiti.
260 _aWashington,
_bPan American Union,
_c1963.
300 _a37 p.
_c28 cm.
490 1 _aOEA/ser. L/v/II.8, Doc. 5 (English)
500 _a"Approved by the Inter-American Commission on Human Rights at the fourteenth meeting of its seventh session held on October 21, 1963."
650 0 _aCivil rights
_zHaiti.
830 0 _aOAS official records ;
_vOEA/ser. L/v/II.8, Doc. 5.
999 _c51540
_d51540